[Event "Bad Homburg"]
[Site "Bad Homburg"]
[Date "1996.??.??"]
[Round "5"]
[White "Polgar, Sofia"]
[Black "Boensch, Uwe"]
[Result "1/2-1/2"]
[WhiteElo "2480"]
[BlackElo "2525"]
[Annotator "Alterman,B"]
[PlyCount "131"]
[EventDate "1996.07.20"]
[EventType "tourn"]
[EventRounds "9"]
[EventCountry "GER"]
[EventCategory "12"]
[SourceTitle "CBM 055"]
[Source "ChessBase"]
[SourceDate "1996.12.01"]
[SourceVersion "1"]
[SourceVersionDate "1996.12.01"]
[SourceQuality "1"]

1. e4 c5 2. Nf3 d6 3. d4 cxd4 4. Nxd4 Nf6 5. Nc3 e6 6. Be2 Be7 7. O-O O-O 8. f4
Nc6 9. Be3 Bd7 10. Nb3 a6 11. a4 Na5 12. Nxa5 (12. e5 Ne8 13. Nxa5 Qxa5 14. Ne4
(14. Qd2 Rc8 15. Bf3 Qc7 16. a5 Bc6 17. Bb6 Qb8 18. Rae1 Bd8 19. Kh1 Bxf3 20.
Rxf3 Rc6 $14 {Geller,E-Espig,L/Dortmund-B/1991/}) 14... Qc7 15. Bd4 (15. a5 d5
(15... Bc6 16. Bb6 Qb8 17. Qd4 $14) 16. Nd2 g6 17. Nb3 Ng7 18. Bb6 Qc8 19. Rf3
f6 $1 $132 20. exf6 Bxf6 21. Nd4 (21. Bd4 $5) 21... Qe8 22. Qd2 e5 23. fxe5
Qxe5 24. Bd3 Bg4 25. Re3 Qd6 26. Ree1 Be5 27. g3 Bh3 28. Bf1 Bxf1 29. Rxf1 Nh5
30. Qd3 Nf6 31. Nb3 Ne4 32. c3 Qe6 33. Rfd1 $2 Ng5 $1 34. Qxd5 $2 Bd4+ $3 $17
35. Rxd4 $8 Nf3+ 36. Kg2 Nxd4 37. Qxe6+ Nxe6 $17 38. Rd1 Rae8 39. h4 h5 {
Dolmatov,S-Razuvaev,Y/Rostov/1993/0-1/78/CBM_36/}) 15... Bc6 16. Bd3 (16. Qd3
dxe5 17. fxe5 Rd8 18. Kh1 Qd7 19. Rad1 f5 20. Nc3 Nc7 $10 {Tal,M-Anikaev,Y/
Moscow/1982/}) 16... Bxe4 $1 $10 17. Bxe4 dxe5 18. Bxe5 (18. fxe5 Bc5 19. Kh1
Bxd4 20. Qxd4 Rd8 $15) 18... Bd6 19. Qe2 g6 20. Bf3 Bxe5 21. fxe5 Ng7 22. Kh1
Nf5 23. Qe4 Rab8 24. Rfd1 a5 $1 $15 25. Rd2 $2 (25. Be2 $15) 25... b5 $17 26.
Be2 (26. axb5 Rxb5 {Pe5}) 26... bxa4 27. c3 Rfd8 28. Bd3 Rd5 $19 29. Re2 (29.
Re1 a3 30. bxa3 Qxc3 $19) 29... Qd8 30. Rd2 Qg5 31. Re2 Rbd8 32. Bc2 Rd2 33.
Bxa4 Ng3+ {Boensch/ Sinowjew,J-Boensch,U/Dortmund op-A/1992/0:1/33/CBM_29/})
12... Qxa5 13. Qe1 Kh8 14. Qg3 $146 (14. Kh1 Rac8 15. Bd3 e5 16. Bd2 Qc7 17. a5
Bc6 18. Qg3 Nh5 19. Qh3 Nxf4 20. Bxf4 exf4 21. Rxf4 Bg5 $10 {Barua,
D-Mascarinas,R/Cebu/1992/0,5/62/}) 14... Bc6 $6 (14... Qb4 $1 15. Bd3 $2 (15.
e5 dxe5 (15... Ne8 $1 16. Rad1 Qxb2 17. Bd4 Qb4) 16. fxe5 Ne4 17. Nxe4 Qxe4 18.
Bd3 Qh4 $6 (18... Qb4 19. Qh3 g6 20. Bh6 Qxb2 21. Bxf8 Rxf8 $44) 19. Qxh4 Bxh4
20. Bc5 $16) (15. Rad1) 15... Qxb2 16. Bd4 Qb4) 15. Bd4 $1 Rae8 (15... Qb4 16.
Rad1 Qxb2 $4 (16... Rad8 17. b3 $14) 17. Rb1 Qxc2 18. Bd3 $18) 16. Kh1 Bd8 $2 (
16... Qb4) 17. e5 $1 $16 dxe5 18. Bxe5 Be7 (18... Bc7 19. b4 $18) 19. Bd3 Rd8
20. Ne4 Bxe4 (20... Ne8 21. Qh3 (21. f5 $1 Bxe4 (21... exf5 22. Rxf5 $16 f6 23.
Nxf6 Rxd3 24. Qxd3) 22. Bxe4 Bd6 23. fxe6 Nf6 24. Rxf6 Qxe5 25. Qxe5 Bxe5 26.
Rxf7 $18) 21... f5 $1) 21. Bxe4 Qb4 22. Bd3 Rd5 23. b3 Rfd8 24. Bc4 R5d7 25.
Rae1 b5 $2 (25... Qb6 $1 26. f5 exf5 27. Rxf5 Rd1 $6 (27... Kg8 28. Rff1 (28.
Bd3 $5 $16)) 28. Bxf7 Rxe1+ 29. Qxe1 Ng4 30. Bg3 $16) 26. axb5 axb5 27. Bc3 Qc5
28. Re5 Qc7 29. Bxb5 $18 Rd1 30. Ree1 Rxe1 31. Qxe1 Qc5 (31... Nd5 32. Ba5) 32.
Bc4 Ng4 33. Qg3 h5 34. h3 (34. f5 $2 Rd1 $3 35. Bxg7+ Kh7 36. Rxd1 Nf2+ 37.
Qxf2 Qxf2 38. Bd4 Qxc2 39. Rf1 $10) 34... Qe3 35. Qe1 $1 Qxe1 36. Rxe1 Bh4 37.
Rg1 $5 (37. Ra1 Ne3 38. Bd3 Bg3 39. Ra7 $18) 37... Nf2+ 38. Kh2 Ne4 39. Be1 Bf6
40. g3 h4 41. gxh4 Nd2 42. Be2 Rd4 43. Kg2 Be7 44. c3 Rd8 45. b4 f5 46. Bf2 (
46. h5 $5 Bf6 (46... Ne4 47. c4 Ra8 48. c5 Ra2 49. Kf1 Ra1 50. Bd3 Bh4 51. Ke2
Nc3+ 52. Bxc3 Rxg1 53. c6 Bd8 54. h6 (54. Be5 Rc1 55. b5 Kg8 56. Kd2 Rc5 57.
Bd6 $18)) (46... Kh7 $140 47. Kh1 Ne4 48. c4 Bd6 49. Rg6 Re8 (49... Ra8 $1 $132
) 50. c5 Bxf4 51. c6) 47. c4 $18) (46. b5 $1 Bc5 47. Bf2 Bxf2 48. Kxf2 Ne4+ 49.
Kf3 (49. Ke3 $1 Nxc3 50. Bc4 Rb8 (50... Nd5+ 51. Bxd5 Rxd5 52. Rb1 $18) (50...
Nd1+ 51. Kf3 Nb2 52. Bxe6 $18) 51. Rc1 Ne4 (51... Nxb5 52. Rb1 $18) 52. Bd3 Nd6
53. Rb1 $18) 49... Nxc3 50. Rc1 Nd5 51. Rc6 (51. Rb1 Nb6 $14) 51... Ra8 52.
Rxe6 Ra3+ 53. Kf2 Nxf4 54. Re8+ Kh7 55. Bc4 Nxh3+ 56. Kf1 Rc3 $10) 46... Ne4
47. Bd4 $2 (47. Be1) 47... Bxb4 $10 48. Bxg7+ Kxg7 49. cxb4 Rd4 50. b5 Nc3 51.
Kf2+ Kf6 52. Bf3 Rxf4 53. b6 Rb4 54. Rc1 Nd5 55. Bxd5 exd5 56. Rc6+ Kg7 57. Kg3
Kh7 58. h5 Kg7 59. Rd6 Kh7 60. Kf3 Kg7 61. Ke3 Kh7 62. Rg6 Kh8 63. h6 Kh7 64.
Rf6 Kh8 65. Kd3 d4 66. Rxf5 1/2-1/2

[Event "Izmir op 5th"]
[Site "Izmir"]
[Date "2006.09.18"]
[Round "9"]
[White "Mamedov, Rauf"]
[Black "Atalik, Suat"]
[Result "1/2-1/2"]
[WhiteElo "2561"]
[BlackElo "2619"]
[Annotator "Atalik,S"]
[PlyCount "59"]
[EventDate "2006.09.10"]
[EventType "swiss"]
[EventRounds "10"]
[EventCountry "TUR"]
[SourceTitle "EXT 2007"]
[Source "ChessBase"]
[SourceDate "2006.11.23"]
[SourceVersion "1"]
[SourceVersionDate "2006.11.23"]
[SourceQuality "1"]

1. e4 c5 2. Nf3 e6 3. d4 cxd4 4. Nxd4 Nf6 5. Nc3 d6 6. Be2 Nc6 7. O-O Be7 8.
Be3 Bd7 {This is a subtle system.} 9. f4 (9. Nb3 a6 10. a4 Na5 {is normal.})
9... Nxd4 10. Bxd4 Bc6 11. Bd3 (11. Qd3 O-O 12. Qg3 g6 13. f5 e5 14. Be3 Nxe4
15. Nxe4 Bxe4 16. Bh6 $44 {is critical.}) 11... O-O 12. Qe1 Nd7 13. Kh1 {
Going for the pawn is no good.} (13. Qg3 e5 14. fxe5 Nxe5 15. Bxe5 dxe5 16.
Qxe5 Bd6 $15) 13... e5 14. fxe5 Nxe5 15. Qg3 Bh4 ({During the game I was
thinking about the immediate} 15... Bf6 16. Nd5 Bxd5 17. exd5 g6 $13) 16. Qh3
Bf6 17. Rad1 g6 18. Be2 Bg7 19. b4 $6 {Draw offer.} b6 20. Ba6 Qc7 21. Qh4 Rae8
22. Rf2 Qe7 23. Qxe7 Rxe7 24. h3 $6 (24. Rfd2 Bh6 (24... f5 $6 25. exf5 Rxf5
26. Kg1) 25. Re2 Bg7 $11) 24... Rd8 25. a4 Ba8 {Speaking frankly I did not
know what to do here.} 26. Rfd2 Bh6 $2 (26... Nc6 27. Bxg7 Kxg7 28. Rb1 Nb8 29.
Bd3 Nd7 $15) 27. Rf2 (27. Re2 Bg7) 27... Bg7 ({Why not} 27... Bg5 28. Re2 (28.
Nd5 Bxd5 29. exd5 f5 30. c4 Bf6 31. g4 Bh4) 28... h5 29. Kg1 Kg7 $40 {Black
has all prospects open for him.}) 28. Rfd2 Bh6 29. Rf2 Bg7 30. Rfd2 1/2-1/2

[Event "Baden-Baden op"]
[Site "Baden-Baden"]
[Date "2003.07.28"]
[Round "7"]
[White "Schmaltz, Roland"]
[Black "Atalik, Suat"]
[Result "0-1"]
[WhiteElo "2530"]
[BlackElo "2599"]
[Annotator "Atalik,S"]
[PlyCount "82"]
[EventDate "2003.07.24"]
[EventType "swiss"]
[EventRounds "9"]
[EventCountry "GER"]
[SourceTitle "CBM 096"]
[Source "ChessBase"]
[SourceDate "2003.09.25"]
[SourceVersion "1"]
[SourceVersionDate "2003.09.25"]
[SourceQuality "1"]

1. e4 c5 2. Nf3 d6 3. d4 cxd4 4. Nxd4 Nf6 5. Nc3 Nc6 6. Be2 e6 7. O-O Be7 8.
Be3 Bd7 $1 {Alex's speciality.} 9. f4 Nxd4 10. Qxd4 $5 Bc6 11. Bf3 O-O 12. a4
Qb8 $5 {A new concept. Normal ones are 12...b6 or 12...a6.} (12... b6 $5) (
12... Qc7 13. Nb5 Bxb5 14. axb5 Qxc2 15. e5 dxe5 16. fxe5 Nd5 17. Bxd5 exd5 18.
Qxd5 Qxb2 $11 {looks pretty drawish to me.}) (12... a6) 13. Qd2 {He has to
pull the queen out of there since Rd8,d5 comes.} Rd8 (13... Bd8 14. a5) 14. Qf2
a6 (14... Nd7 15. Nd5 Bf6) 15. a5 Rd7 $1 {I have already shaped my plans.} 16.
Rad1 (16. g4 $5 {This looks menacing but} d5 17. e5 d4 18. Bxd4 Bxf3 19. exf6
gxf6 $1 (19... Qxf4 $2 20. Be5 Qxg4+ 21. Bg3 Bxf6 22. Qxf3 Qxf3 23. Rxf3 $18) (
19... Rxd4 20. fxe7 Rxf4 21. Ra4 Rf6 22. Rd4 $18 {The pawn on e7 is very
dangerous.}) 20. Qxf3 Rxd4 21. Ne4 Qd8 $1 22. f5 Qd5 $13) 16... Bd8 17. b4 (17.
Ra1 $11 {Could anybody tell me what can I play after}) 17... Be7 18. g4 (18.
Qg3 Qf8) 18... d5 19. e5 $2 {This is very ambitious and wrong in this game.} (
19. exd5 Nxd5 20. Nxd5 exd5 $1 (20... Bxd5 21. c4) 21. Qd2 Bd6 (21... Bb5 22.
Rf2 Bc4 23. Bd4 Qf8 24. c3 $13) 22. Qd4 Qc7 $11) 19... Ne8 20. Rd4 (20. Bc5
Bxc5 21. Qxc5 Qd8 $15 {He has a bunch of weak pawns.}) 20... Nc7 21. Rfd1 $2 {
He decided to lose a move for some reasons he could not understand even after
the game.} (21. Be2 Qf8 22. Rb1 f6 23. Bd3 Rc8 $15) 21... Qf8 $1 {I had
planned Qb8, Rd8-d7, Bd8-e7, d5 and an eventual Qf8 long time ago in the game.}
22. Rb1 f6 $1 $17 23. Be2 Rc8 $6 {I have regretted that I did not exchange the
queens in this very moment.} ({Queens exchange is not that consequent.} 23...
fxe5 24. fxe5 Qxf2+ 25. Kxf2 Rc8 26. Bd3 Nb5 27. Nxb5 Bxb5 28. Rb2 Rdc7 $17)
24. Qg3 $1 {Of course he tries to keep the queens in.} Nb5 25. Nxb5 Bxb5 26.
Bxb5 axb5 27. f5 Qf7 $1 {Safe.} (27... exf5 $2 28. e6 Rdd8 29. gxf5 Rxc2 30.
Qf3 $16) 28. Rf1 exf5 ({I have calculated that} 28... fxe5 29. Qxe5 Bf6 30.
fxe6 Bxe5 31. exf7+ Rxf7 32. Rxd5 (32. Rd2 $5) 32... Bxh2+ 33. Kg2 Rxc2+ 34.
Rf2 Rcxf2+ 35. Bxf2 Bf4 36. Rxb5 $16 {gives only an headache for black.}) 29.
Rxf5 Qe6 30. exf6 Bxf6 31. Rdf4 d4 $1 32. Bd2 Rxc2 33. Rf2 $2 {This is equal
to resignation.} (33. Qd3 $1 Rdc7 (33... Qc4 $2 34. Qe4) 34. g5 Qc4 35. Qe4 Qc6
36. Qd3 Qc4 $11) 33... h6 $1 {Luft helps even against Luftwaffe!} 34. Qd3 (34.
Rxb5 d3 $19) 34... Qc4 35. R2f3 Qxd3 $138 {I had to be careful.} (35... Re7 $2
36. Rxf6 gxf6 37. Qg6+ Rg7 38. Qe8+ Kh7 39. Qe4+ $11) 36. Rxd3 Re7 $19 37. Rxb5
$2 {A seemingly tricky blitz move against time toubled opponent.} (37. Kf1 Re5
$19) 37... Bg5 $4 {Typical me. When I am in time trouble these days I can not
come up with a clearcut calculation and since I am not such an intuitive
player this leads to catastrophes.} (37... Re2 38. Rxb7 Rcxd2 39. Rxd2 Rxd2 40.
a6 Ra2 41. a7 Kh7 $1 $19 (41... d3 $1 $19)) 38. Rxg5 hxg5 39. Kf1 $4 {Why this
square? He could try to put up some stiffer resistance.} (39. Kf2 Rc4 $1 40. b5
(40. Kf3 Re5 $19) 40... Kf7 41. Kf3 Kf6 42. h3 (42. b6 Ra4 $19) 42... Ra4 $1
$19 {And my king is ready to reach the center but this is not valid for his
counterpart.}) 39... Re4 $19 40. h3 Kf7 41. Kf2 Ke6 {Kingdom decides the game.}
0-1

[Event "Panormo zt"]
[Site "Panormo"]
[Date "1998.10.26"]
[Round "3"]
[White "Dervishi, Erald"]
[Black "Atalik, Suat"]
[Result "0-1"]
[WhiteElo "2430"]
[BlackElo "2585"]
[Annotator "Atalik,S"]
[PlyCount "82"]
[EventDate "1998.10.24"]
[EventType "swiss"]
[EventRounds "11"]
[EventCountry "GRE"]
[SourceTitle "EXT 2002"]
[Source "ChessBase"]
[SourceDate "2001.11.25"]
[SourceVersion "1"]
[SourceVersionDate "2001.11.25"]
[SourceQuality "1"]

1. e4 c5 2. Nf3 d6 3. d4 cxd4 4. Nxd4 Nf6 5. Nc3 e6 6. Be2 Be7 7. O-O Nc6 8.
Be3 Bd7 9. Nb3 a6 10. a4 Na5 11. Nxa5 (11. Nd2 O-O 12. f4 Bc6 13. b4 $140 $2 d5
) 11... Qxa5 12. f4 Bc6 13. Bd3 O-O 14. Qe1 Kh8 15. Qg3 Rae8 $1 16. Qh3 Qh5 17.
Qxh5 Nxh5 18. e5 f5 $1 19. Be2 g6 20. Bd4 dxe5 21. Bxe5+ Nf6 22. Bc4 Kg7 $1 23.
Rad1 Kf7 24. h3 $6 (24. Rfe1 $142 h6 $11 (24... Bc5+ 25. Bd4)) 24... Rd8 25.
Rfe1 Ne4 $1 26. Nxe4 fxe4 $1 27. Bb3 $2 {White has failed to see the threat.} (
27. b3 Bh4 28. Rf1) 27... Bh4 $1 $19 28. Rxd8 (28. Bc7 Rc8 29. Bd6 Rfd8 (29...
Bxe1 30. Bxf8) 30. Re2 (30. Re3 Be7 $19) 30... Be7 31. Red2 e3 $19) (28. Rf1 e3
) 28... Rxd8 29. Re2 (29. Re3 Rd1+ 30. Kh2 Bf2 31. Re2 e3) 29... Bg3 30. c3 g5
31. Bc7 $1 Rd3 $1 (31... Rd7 $2 32. Bxe6+ $1 Kxe6 33. f5+ Kxf5 34. Bxg3 Bxa4
$19) 32. Kf1 Ke7 $1 (32... gxf4 $2 33. Bxf4 Bxf4 34. Rf2 Rd2 35. Rxf4+ Ke7 36.
Rf2) 33. Bc2 Rd7 34. Bb6 gxf4 35. Rxe4 $1 Rd2 $1 36. Re2 Rxe2 37. Kxe2 Bxg2 38.
Bf2 Bxf2 39. Kxf2 Bc6 $5 (39... Bxh3 $19) 40. Bxh7 Bxa4 41. Kf3 e5 (41... e5
42. h4 Kf6 43. Bb1 Bc6+ 44. Kg4 Bd7+ 45. Kf3 Bf5 46. Ba2 Kg6 $19) 0-1

[Event "Moscow"]
[Site "Moscow"]
[Date "1981.04.??"]
[Round "10"]
[White "Geller, Efim P"]
[Black "Kasparov, Garry"]
[Result "0-1"]
[WhiteElo "2615"]
[BlackElo "2625"]
[Annotator "Belov,I"]
[PlyCount "54"]
[EventDate "1981.04.08"]
[EventType "tourn"]
[EventRounds "13"]
[EventCountry "URS"]
[EventCategory "15"]
[SourceTitle "MCL"]
[Source "ChessBase"]
[SourceDate "1999.07.01"]
[SourceVersion "1"]
[SourceVersionDate "1999.07.01"]
[SourceQuality "1"]

1. e4 c5 2. Nf3 e6 3. d4 cxd4 4. Nxd4 Nc6 5. Nc3 d6 6. Be2 Nf6 7. O-O Be7 8.
Be3 O-O 9. f4 e5 $5 (9... Bd7) 10. Nb3 exf4 11. Bxf4 (11. Rxf4 Be6 12. Nd4 Nxd4
13. Bxd4 Nd7 14. Kh1 Bg5 15. Rf1 Ne5 $10 {Kasparov,Nikitin/}) 11... Be6 12. Kh1
d5 13. e5 Nd7 (13... Ne4 14. Bd3 f5 15. exf6 Bxf6 16. Nxe4 dxe4 17. Nc5 exd3
18. Nxe6 dxc2 19. Qxc2 Nd4 $10 {Cseshkovsky,V-Tukmakov,V/URS/1981/}) 14. Nxd5
Ndxe5 15. c4 (15. Nxe7+ Qxe7 16. Qe1 Rad8 17. Qg3 Ng6 18. Bg5 f6 19. Be3 Rfe8
$10 {Klovans,J-Cseshkovsky,V/URS/1981/}) 15... Bg5 $1 16. Nc5 (16. Qc1 Bxf4 17.
Nxf4 Qe7 18. Qc3 Rad8 19. Rae1 Kh8 20. a3 f6 $10 {Kuzmin,G-Kasparov,G/URS/1981/
}) (16. Bg3 Bh4 $10) 16... Bxf4 17. Rxf4 (17. Nxe6 $5 fxe6 18. Nxf4 Qe7 19. Qb3
(19. Qd2 $142 $14) 19... Nd4 20. Qe3 Nxe2 21. Qxe2 Rf5 $1 $10 {Dolmatov,
S-Psakhis,L/Moscow(GMA)/1990/1:0 (63) Inf 49/268/}) 17... b6 $1 18. Ne4 (18.
Nxe6 fxe6 19. Rxf8+ Qxf8 $15) 18... b5 19. b3 bxc4 20. Bxc4 Kh8 $1 21. Qh5 $2 (
21. h3 $142 f5 22. Nec3 $10) 21... Bxd5 $19 22. Bxd5 (22. Rd1 g6 $1 (22... Nxc4
23. Rxd5 $1 Qc7 $2 24. Nf6 gxf6 25. Rh4 $18) 23. Qh6 Bxe4 24. Rxd8 Rfxd8 25. h3
f5 $19) 22... Qxd5 23. Rh4 h6 24. Rd1 Qa5 25. b4 (25. Qg5 f6 26. Rxh6+ gxh6 27.
Qxh6+ Kg8 28. Nxf6+ Rxf6 29. Qxf6 Qc7 $19) 25... Qxb4 26. Nf6 Qe7 27. Rf1 Rfd8
0-1

[Event "Prague"]
[Site "Prague"]
[Date "1993.??.??"]
[Round "1"]
[White "Gofshtein, Leonid D"]
[Black "Orsag, Milan"]
[Result "0-1"]
[WhiteElo "2540"]
[BlackElo "2390"]
[Annotator "Boensch,U"]
[PlyCount "88"]
[EventDate "1993.09.??"]
[EventType "tourn"]
[EventRounds "9"]
[EventCountry "CZE"]
[EventCategory "10"]
[SourceTitle "CBM 037"]
[Source "ChessBase"]
[SourceDate "1993.12.01"]
[SourceVersion "1"]
[SourceVersionDate "1993.12.01"]
[SourceQuality "1"]

1. e4 {Bulletin} c5 2. Nf3 e6 3. d4 cxd4 4. Nxd4 Nf6 5. Nc3 d6 6. Be3 Nc6 7.
Be2 Be7 8. g4 $5 (8. O-O O-O 9. f4 e5 10. fxe5 dxe5 11. Nf5 Bxf5 12. Rxf5 Rc8
13. a3 g6 14. Rf1 Nd4 15. Bd3 Kg7 16. Kh1 h5 17. Bg1 Ne6 18. Qe1 Bc5 $15 {
Timoshenko,G-Panchenko,AN Nabereznye Chelny 1993 0-1 46 -CBM 37}) 8... O-O (
8... h6 9. h4 a6 10. Rg1 Nh7 11. g5 hxg5 12. hxg5 Bxg5 13. Nxc6 bxc6 14. Bxg5
Nxg5 15. Qd2 Nh3 16. Rxg7 Qf6 17. Rg2 Nf4 $13 {Djoric,D-Arakhamia,K Sm.Palanka
(Gosa-Gruzija [4]) 1990 1-0 32}) 9. g5 Nd7 10. h4 a6 11. f4 Re8 {xf8} 12. Rg1
$6 (12. Qd2 Nxd4 13. Bxd4 b5 14. a3 Bb7 15. O-O-O Rc8 $132) 12... Bf8 13. h5
Rb8 14. Nb3 $6 (14. g6 $2 Qh4+ $15) (14. Qd2 Nxd4 15. Bxd4 b5 16. Bd3 $132)
14... b5 15. a4 $2 (15. Qd2 $132) 15... b4 16. Nb1 g6 $1 $15 17. hxg6 hxg6 18.
N1d2 Bg7 19. Nc4 d5 $40 20. exd5 (20. Nd6 Bxb2 21. Nxe8 Qxe8 $15) 20... exd5
21. Qxd5 Ne7 22. Qd2 Nf5 23. Ba7 Qc7 $1 24. Bxb8 Qxc4 $17 25. Be5 (25. Ba7 Bxb2
$19 (25... Bxb2 {Bulletin} 26. Kd1 Qc7 27. Bf2 Bc3 $17)) (25. Kd1 Rxe2 26. Qxe2
Qxe2+ 27. Kxe2 Nxb8 $17) 25... Nxe5 $19 26. Bxc4 (26. O-O-O {Bulletin} Qc7 27.
fxe5 (27. Qxb4 Ne3 $17) 27... Qxe5 $19) (26. fxe5 {Bulletin} Qh4+ 27. Kd1 Bxe5
28. Qe1 Bg3 $44) 26... Nxc4+ 27. Qe2 Rxe2+ 28. Kxe2 Nxb2 29. Rad1 (29. a5 Be6
30. Rae1 Nd4+ $19) (29. Rge1 {Bulletin} Be6 30. Nc5 Nd4+ 31. Kf2 Nxc2) 29...
Nxd1 30. Rxd1 Be6 31. Rd8+ Kh7 32. Kd3 Ne7 33. Rd6 Bc3 34. Nd4 (34. Rxa6 Bf5+
35. Ke2 (35. Kc4 {Bulletin} Bxc2 36. Ra7 Nc8 37. Rxf7+ Kg8 38. Rc7 Nb6+ 39. Kb5
Nd5 40. Rc8+ Kf7 41. Nc5 b3 42. Nxb3 Bxb3 43. a5 Bd4 44. a6 Ba4+ $19) 35...
Bxc2 36. Nc5 b3 $19) 34... Nf5 35. Nxf5 Bxf5+ 36. Kc4 a5 37. Ra6 Bd2 38. Kb3 (
38. Rxa5 b3 39. Rxf5 bxc2 $19) 38... Be6+ 39. Kb2 Bc3+ 40. Kc1 b3 41. Rb6 Bb4
42. Kb2 bxc2 43. Kxc2 Bd5 44. Ra6 Kg7 (44... Kg7 {/\ Kg7-b7}) 0-1

[Event "Reggio Emilia-A 9192 34th"]
[Site "Reggio Emilia"]
[Date "1992.??.??"]
[Round "5"]
[White "Anand, Viswanathan"]
[Black "Polugaevsky, Lev"]
[Result "1-0"]
[WhiteElo "2650"]
[BlackElo "2630"]
[Annotator "Boensch,U"]
[PlyCount "123"]
[EventDate "1991.12.??"]
[EventType "tourn"]
[EventRounds "9"]
[EventCountry "ITA"]
[EventCategory "18"]
[SourceTitle "CBM 027"]
[Source "ChessBase"]
[SourceDate "1992.04.01"]
[SourceVersion "1"]
[SourceVersionDate "1992.04.01"]
[SourceQuality "1"]

1. e4 c5 2. Nf3 d6 3. d4 cxd4 4. Nxd4 Nf6 5. Nc3 a6 6. Be3 e6 7. a4 Nc6 8. Be2
Be7 9. O-O Bd7 10. Nb3 Na5 11. Nd2 $1 (11. f4 Nxb3 12. cxb3 Bc6 13. Bf3 O-O 14.
a5 Nd7 15. Na4 Rc8 16. Rf2 f5 17. Nb6 Nxb6 18. Bxb6 Qd7 $15 {Salazar,
H-Ermenkov,E Novi Sad ol (05) 1990}) 11... O-O 12. f4 Bc6 13. Bf2 (13. Bd4 e5
14. Be3 d5 15. fxe5 d4 16. exf6 Bxf6 17. b4 dxe3 18. Ndb1 Qxd1 19. Rxd1 Bxe4
20. bxa5 Bxc2 $44 {Westerinen,H-Liberzon,V Solingen 1974}) (13. b4 $2 d5 14.
bxa5 (14. e5 Bxb4 $17) (14. exd5 Bxb4 (14... Nxd5 $2 15. Nxd5 Qxd5 16. Bf3 $18)
15. dxc6 Bxc3 $17) 14... d4 15. Bf2 dxc3 16. Nc4 Nxe4 $19) 13... Rc8 14. Bd3 (
14. b4 $2 Bd7 $17) 14... Be8 15. Qf3 Nd7 16. Qh3 Nc5 17. Bxc5 Rxc5 18. e5 g6
19. Nce4 dxe5 (19... Rc8 $5 20. exd6 (20. Qh6 f5 21. exd6 Bf6 $13) (20. Nf3
dxe5 21. fxe5 Bc6 $15) 20... Bxd6 21. Ng5 (21. Qh6 f6 $13) 21... h5 $13) 20.
Nxc5 Bxc5+ 21. Kh1 Nc6 $44 22. Rad1 Qc7 23. fxe5 Qxe5 24. c3 Be7 25. Nf3 Qc7
26. Be2 Bf6 27. Nd2 Bg7 28. Ne4 Ne5 29. b3 Qe7 30. Qe3 Bc6 31. Nd6 h5 32. Nc4
Nxc4 33. Bxc4 Rc8 34. Rc1 Kh7 (34... Bxa4 35. Bxe6 Qxe6 36. Qxe6 fxe6 37. bxa4
Rxc3 38. Rxc3 Bxc3 39. Rc1 $16) 35. a5 Be8 36. Qd3 Qc7 37. Ra1 Qe5 38. Rf3 Rc5
$2 (38... Qc7 $14) 39. Qd8 Bc6 40. Rxf7 Qxc3 41. Raf1 Rf5 42. R7xf5 exf5 43.
Bd5 $1 $16 Bb5 44. Rd1 f4 45. Qg8+ Kh6 46. Be4 Qf6 47. Qd8 Qe6 48. Qd5 Qf6 49.
Qxb7 Be2 50. Rb1 Qg5 51. Qd5 Qe7 52. Qc6 Bf6 53. Qc2 Bg4 54. Bxg6 f3 55. Be4
fxg2+ 56. Bxg2 Be5 57. Qc6+ Bd6 58. Qc1+ Kg7 59. Qc3+ Kg6 60. Rf1 Be2 61. Rg1
Kh7 62. Qd4 {Boensch} 1-0

[Event "RUS-ch"]
[Site "Elista"]
[Date "1996.??.??"]
[Round "6"]
[White "Varavin, Viktor"]
[Black "Galkin, Alexander"]
[Result "0-1"]
[WhiteElo "2520"]
[BlackElo "2425"]
[Annotator "Boensch,U"]
[PlyCount "90"]
[EventDate "1996.10.15"]
[EventType "swiss"]
[EventRounds "11"]
[EventCountry "RUS"]
[SourceTitle "CBM 056"]
[Source "ChessBase"]
[SourceDate "1997.02.01"]
[SourceVersion "1"]
[SourceVersionDate "1997.02.01"]
[SourceQuality "1"]

1. e4 c5 2. Nf3 e6 3. d4 cxd4 4. Nxd4 Nf6 5. Nc3 d6 6. Be2 Nc6 7. O-O Be7 8.
Be3 Bd7 9. f4 Nxd4 10. Bxd4 Bc6 11. Bd3 (11. Bf3 O-O (11... Qc7 12. Kh1 e5 13.
Be3 O-O 14. Qe1 Rfe8 15. f5 b5 16. Qd2 Qb7 $15 {Ketterer,F-Fischer/Lauda HT5
1986/0-1 (48)}) 12. a4 Nd7 13. Be3 a6 14. a5 Qc7 15. Qd2 Rfc8 16. Rfd1 b5 17.
axb6 Nxb6 18. b3 Nd7 19. Ra2 Qb7 20. Qe1 h6 21. Kh1 Rd8 22. Bf2 Nf6 23. h3 d5
$15 {Gallego,R-Veingold,A/Andorra op 1994/0-1 (69)}) 11... O-O (11... Qc7 12.
Kh1 e5 13. Be3 O-O 14. Qe1 $6 Ng4 15. Bg1 exf4 16. Rxf4 Ne5 17. Qg3 Qd8 $1 $11
{Dickmann,T-Funke,M/NRW-II 1992/0-1 (49)}) 12. Qf3 Nd7 (12... a6 13. Kh1 b5 14.
a3 Qc7 15. Qg3 Rad8 16. Rae1 Qb7 17. Qh3 g6 18. f5 gxf5 $2 (18... e5) 19. Qh6
$1 e5 20. Rxf5 $18 {1-0 Landa,K-Brodsky,M/URS-qualJ Jurmala 1989 (29)}) 13.
Rad1 e5 $6 (13... Bf6 $1 $11) 14. fxe5 $6 (14. Be3 exf4 15. Qxf4 Ne5 16. Be2
$14) 14... Nxe5 15. Bxe5 $6 dxe5 16. Bc4 $2 Qb6+ 17. Kh1 Qxb2 $17 18. Bxf7+ Kh8
19. Qh3 Qxc2 20. Bg6 h6 21. Bf5 Rad8 22. Nd5 Bg5 23. Qg4 g6 (23... Bb5 24. Rfe1
Qf2 $1 25. Qh5 $2 Rxf5 26. exf5 Rxd5 $19) 24. Bxg6 (24. Be6 Kg7 $19) 24... Bxd5
25. h4 (25. exd5 Rxf1+ 26. Rxf1 Qxg6 27. h4 Qd3 $19) (25. Rxf8+ Rxf8 26. exd5
Qxg6 27. h4 Rf4 28. Qc8+ Kh7 29. hxg5 Qh5+ $19) 25... Rxf1+ 26. Rxf1 Qc4 (26...
Bc4 27. Qf5 Bxf1 $2 (27... Qe2 28. Qxe5+ Kg8 $19) 28. Qxe5+ Kg8 29. Qe6+ Kh8
30. Qe5+ $11) 27. Qf3 (27. Qf5 Be6 28. Qxe5+ Kg8 29. hxg5 Qxf1+ 30. Kh2 Bh3 $3
31. Kxh3 Qh1+ 32. Kg4 Qxg2+ $19) 27... Be7 28. exd5 (28. Qf5 Be6 29. Qxe5+ Kg8
$19) 28... Qxh4+ 29. Qh3 $8 Rxd5 30. Rf7 b5 $2 (30... Rd4 $1 31. Kh2 Bg5 32.
Qxh4 Rxh4+ 33. Kg3 Rb4 $19) 31. Rh7+ Kg8 32. Qxh4 Bxh4 33. Rxa7 $17 Rd6 34.
Bh7+ Kh8 35. Kh2 Rd2 36. Kh3 $6 (36. Bf5 Bg5 37. Kg3 $15) 36... Bg5 $6 (36...
Bf2 37. Rb7 Rxa2 $17) 37. Be4 $2 (37. Bb1 $17) (37. Bf5 $17) 37... Rd4 38. Bg6
e4 $19 39. Rf7 Kg8 40. Kg4 e3+ 41. Kg3 (41. Kf3 Rd2 42. Rb7 e2 $19) 41... Rd6
42. Bh5 e2 43. Kf2 Re6 44. Bxe2 Kxf7 45. Bxb5 Kf6 0-1